[Event "NÖ– Landesliga 2016/2017"]
[Site "?"]
[Date "2016.10.02"]
[Round "1.1"]
[White "Ganaus, Hannes"]
[Black "Grötz, Harald"]
[Result "0-1"]
[WhiteElo "2286"]
[BlackElo "2259"]
[PlyCount "76"]
[EventDate "2016.10.02"]

1. d4 Nf6 2. Nf3 g6 3. c4 Bg7 4. Nc3 O-O 5. e4 d6 6. Be2 e5 7. O-O Na6 8. Be3
Ng4 9. Bg5 f6 10. Bh4 h5 11. h3 Nh6 12. c5 exd4 13. Nxd4 dxc5 14. Qb3+ Kh8 15.
Ne6 Bxe6 16. Qxe6 Nb4 17. Rad1 Qc8 18. Qc4 b6 19. f4 Nf7 20. Bg3 Nd6 21. Qb3 a5
22. a4 Nc6 23. f5 Nd4 24. Qa2 Nxe4 25. Nxe4 Nxe2+ 26. Kh2 gxf5 27. Qd5 fxe4 28.
Qxh5+ Kg8 29. Qxe2 Qe6 30. Bxc7 Rac8 31. Bg3 Rfd8 32. Rf4 Rxd1 33. Qxd1 Re8 34.
Qh5 e3 35. Rh4 e2 36. Qh7+ Kf8 37. Rg4 Re7 38. Be1 f5 0-1

[Event "NÖ– Landesliga 2016/2017"]
[Site "?"]
[Date "2016.10.02"]
[Round "1.1"]
[White "Schirmbeck, Hannes"]
[Black "Lendwai, Reinhard"]
[Result "0-1"]
[WhiteElo "2144"]
[BlackElo "2370"]
[PlyCount "78"]
[EventDate "2016.10.02"]

1. Nf3 d5 2. g3 c6 3. Bg2 Nf6 4. O-O Bf5 5. d3 e6 6. Nbd2 Be7 7. Qe1 h6 8. b3
Bh7 9. e4 O-O 10. Bb2 Na6 11. Rc1 Nc5 12. Ne5 Nfd7 13. Qe2 Nxe5 14. Bxe5 Qa5
15. exd5 cxd5 16. Qg4 f6 17. b4 Qa6 18. Ba1 Bf5 19. Qd4 Na4 20. Rfe1 Rfd8 21.
g4 Bg6 22. b5 Qxb5 23. Rxe6 Bc5 24. Qf4 Bf7 25. Rxf6 gxf6 26. Qxf6 d4 27. Ne4
Qb6 28. Qe5 Qe6 29. Nf6+ Kf8 30. Qf4 Kg7 31. g5 hxg5 32. Qxg5+ Bg6 33. Nh5+ Kf7
34. Bh3 Qe7 35. Qf4+ Kg8 36. Kh1 Rd6 37. Rg1 Rf8 38. Qg4 Qf7 39. f4 Kh8 0-1

[Event "NÖ– Landesliga 2016/2017"]
[Site "?"]
[Date "2016.10.02"]
[Round "1.1"]
[White "Juenger, Heinz"]
[Black "Batyte, Daiva"]
[Result "0-1"]
[WhiteElo "2087"]
[BlackElo "2167"]
[PlyCount "90"]
[EventDate "2016.10.02"]

1. d4 Nf6 2. c4 g6 3. g3 Bg7 4. Bg2 d6 5. Nc3 Nbd7 6. Nf3 O-O 7. O-O c6 8. e4
e5 9. h3 Re8 10. Re1 a6 11. Be3 b5 12. c5 b4 13. Na4 Nxe4 14. cxd6 exd4 15.
Nxd4 Bb7 16. Nb3 c5 17. Nbxc5 Nexc5 18. Nxc5 Bxg2 19. Kxg2 Bxb2 20. Rb1 Bc3 21.
Rf1 Rxe3 22. fxe3 Nxc5 23. Qd5 Ne6 24. Qb7 f6 25. Rbd1 Rb8 26. Qxa6 Qd7 27. Rd5
Qb7 28. Qc4 Rc8 29. Qe4 Qd7 30. h4 Kf7 31. Rfd1 h5 32. Rf1 Nf8 33. Qd3 Qc6 34.
Kh2 Nd7 35. Rxh5 Ne5 36. Qc2 gxh5 37. Qh7+ Ke6 38. Qe7+ Kd5 39. Rd1+ Kc4 40. d7
Ra8 41. e4 Ng4+ 42. Kh1 Nf2+ 43. Kg1 Nxd1 44. d8=Q Rxd8 45. Qxd8 Bd4+ 0-1

[Event "NÖ– Landesliga 2016/2017"]
[Site "?"]
[Date "2016.10.02"]
[Round "1.1"]
[White "Schmid, Thomas"]
[Black "Hofegger, Jakob"]
[Result "0-1"]
[WhiteElo "2088"]
[BlackElo "2044"]
[PlyCount "96"]
[EventDate "2016.10.02"]

1. e4 e6 2. d4 d5 3. Nd2 Nf6 4. e5 Nfd7 5. Bd3 c5 6. c3 Nc6 7. Ne2 Be7 8. O-O
O-O 9. f4 f5 10. Nf3 Rb8 11. h3 Rf7 12. g4 Nf8 13. Be3 c4 14. Bc2 b5 15. a3 a5
16. Ng3 Qb6 17. Rf2 g6 18. Rg2 Kh8 19. gxf5 exf5 20. h4 Qb7 21. h5 b4 22. axb4
axb4 23. Ba4 Nd8 24. Qe1 Bd7 25. Bxd7 Qxd7 26. hxg6 hxg6 27. Nf1 Rh7 28. Ng5
Bxg5 29. Rxg5 Nde6 30. Rg2 b3 31. Qg3 Qb7 32. Rh2 Ra8 33. Rxh7+ Kxh7 34. Qe1
Ra6 35. Kg2 Qa8 36. Rxa6 Qxa6 37. Kf3 Qa2 38. Qc1 Nd7 39. Bf2 Nb6 40. Ne3 Qa7
41. Qh1+ Kg8 42. Qh6 Qh7 43. Qxh7+ Kxh7 44. Bh4 Nxd4+ 45. Kf2 Ne6 46. Bg3 Nc5
47. Ke2 Nd3 48. Nd1 Kg7 0-1

[Event "NÖ– Landesliga 2016/2017"]
[Site "?"]
[Date "2016.10.02"]
[Round "1.2"]
[White "Khalakhan, Jurij"]
[Black "Vrana, Frantisek"]
[Result "0-1"]
[WhiteElo "2167"]
[BlackElo "2223"]
[PlyCount "92"]
[EventDate "2016.10.02"]

1. e4 e5 2. Nf3 Nf6 3. Nxe5 d6 4. Nf3 Nxe4 5. Nc3 Nxc3 6. dxc3 Nc6 7. Be3 Be7
8. Qd2 Bg4 9. O-O-O Ne5 10. Bb5+ c6 11. Be2 Qc8 12. Kb1 Nxf3 13. gxf3 Bf5 14.
Bg5 Bxc2+ 15. Qxc2 Bxg5 16. Rxd6 O-O 17. h4 Bf4 18. Rd4 Be5 19. Rg4 f5 20. Rg5
Bf4 21. Rg2 Qe6 22. Rhg1 Rf7 23. Bd1 Re7 24. Qa4 Qe5 25. Bb3+ Kh8 26. Rd1 a5
27. Rgg1 b5 28. Qd4 a4 29. Bc2 Rae8 30. h5 c5 31. Qd3 a3 32. bxa3 Rf8 33. a4 c4
34. Qd4 bxa4 35. Qxe5 Rb7+ 36. Ka1 Bxe5 37. Rd4 Bxd4 38. cxd4 a3 39. Re1 g6 40.
hxg6 hxg6 41. Ba4 Rb4 42. Be8 c3 43. d5 c2 44. d6 Rxe8 45. Rxe8+ Kg7 46. d7
Rb1# 0-1

[Event "NÖ– Landesliga 2016/2017"]
[Site "?"]
[Date "2016.10.02"]
[Round "1.2"]
[White "Hofmann, Thomas"]
[Black "Bauer, Thomas"]
[Result "1-0"]
[WhiteElo "2238"]
[BlackElo "2107"]
[PlyCount "63"]
[EventDate "2016.10.02"]

1. e4 c5 2. Nf3 d6 3. c3 Nf6 4. h3 Nc6 5. Bd3 g6 6. O-O Bg7 7. Bc2 O-O 8. d4 e5
9. d5 Ne7 10. Ne1 Nh5 11. Kh2 Nf4 12. Nd3 g5 13. g4 Neg6 14. a4 Nh4 15. f3 Qf6
16. Bd2 h5 17. Nxf4 exf4 18. Be1 Ng6 19. Nd2 Ne5 20. Qe2 Qh6 21. Kg2 b6 22. Bd3
Re8 23. Rh1 Bb7 24. Qf1 Re7 25. Ba6 Bxa6 26. Qxa6 Qg6 27. Bf2 c4 28. Bd4 Nd3
29. Qxc4 Nc5 30. Bxc5 bxc5 31. Qa6 Rb8 32. Ra2 {
leider unleserlich bzw. unlogisch} 1-0

[Event "NÖ– Landesliga 2016/2017"]
[Site "?"]
[Date "2016.10.02"]
[Round "1.2"]
[White "Wagner, Stefan"]
[Black "Gasa, Andrej"]
[Result "1/2-1/2"]
[WhiteElo "2133"]
[BlackElo "2299"]
[PlyCount "112"]
[EventDate "2016.10.02"]

1. c4 Nf6 2. g3 c6 3. Bg2 d5 4. Nf3 dxc4 5. Qc2 g6 6. Qxc4 Bg7 7. O-O O-O 8. d3
Na6 9. Nc3 Nd5 10. Bd2 e5 11. Rab1 Nb6 12. Qh4 Qxh4 13. Nxh4 Be6 14. b4 Nc7 15.
a4 Ncd5 16. Nxd5 Nxd5 17. b5 c5 18. Rfc1 b6 19. Nf3 Rad8 20. Ng5 Bc8 21. Ne4
Ne7 22. Be1 Nf5 23. h3 Nd4 24. Kf1 f5 25. Nd2 Bh6 26. e3 Ne6 27. Ke2 f4 28. Nc4
fxe3 29. fxe3 Bg7 30. a5 bxa5 31. Bxa5 Rd7 32. Bc3 Rdf7 33. Rf1 Rxf1 34. Rxf1
Rxf1 35. Kxf1 Nc7 36. b6 axb6 37. Nxb6 Be6 38. Nc4 e4 39. Bxg7 exd3 40. Ne5
Kxg7 41. Nxd3 Bc4 42. Ke2 Nb5 43. Kd2 Bxd3 44. Kxd3 Nd6 45. g4 g5 46. Bh1 Kf6
47. Bg2 Ke5 48. Bh1 h6 49. Bg2 Ne8 50. Kc4 Kd6 51. Kd3 Nf6 52. Bh1 Nd7 53. Ke4
Ke6 54. Bg2 Nf6+ 55. Kd3 Nd5 56. Ke4 Nf6+ 1/2-1/2

[Event "NÖ– Landesliga 2016/2017"]
[Site "?"]
[Date "2016.10.02"]
[Round "1.2"]
[White "Teuber, Andreas"]
[Black "Plasil, Jiri"]
[Result "0-1"]
[WhiteElo "2170"]
[BlackElo "2049"]
[PlyCount "118"]
[EventDate "2016.10.02"]

1. d4 d5 2. c4 e6 3. Nf3 c6 4. e3 f5 5. Bd3 Nf6 6. O-O Bd6 7. b3 O-O 8. Ba3
Bxa3 9. Nxa3 Bd7 10. b4 Qe7 11. Qb3 Ne4 12. Bxe4 fxe4 13. Ne5 Be8 14. f3 exf3
15. Rxf3 Rxf3 16. Nxf3 a6 17. Nc2 Nd7 18. Nce1 Bg6 19. a4 Be4 20. Ra2 dxc4 21.
Qc3 b5 22. Rf2 Rf8 23. Qa3 Qd6 24. Ng5 Bg6 25. Rxf8+ Kxf8 26. Nef3 h6 27. Nh3
Nf6 28. Ne5 Be8 29. Qb2 Nd5 30. axb5 cxb5 31. Nf4 Nxf4 32. exf4 Bc6 33. Qf2 Be4
34. Qe3 Qd5 35. Qd2 Kg8 36. h3 Bd3 37. Qe3 Qe4 38. Kf2 Bb1 39. Qxe4 Bxe4 40. g3
Bb7 41. Ke3 Kf8 42. h4 Ke7 43. g4 Bd5 44. h5 Bb7 45. Ng6+ Kd6 46. g5 Bc6 47.
Ne5 Be8 48. gxh6 gxh6 49. Ng4 Bxh5 50. Nxh6 Bg6 51. Ng4 c3 52. Ne5 c2 53. Kd2
Bf5 54. Kc1 Kd5 55. Nd7 Kc4 56. Nc5 Kxb4 57. Nxa6+ Kc3 58. d5 exd5 59. Nc7 Kc4
0-1

[Event "NÖ– Landesliga 2016/2017"]
[Site "?"]
[Date "2016.10.02"]
[Round "1.3"]
[White "Blatny, Pavel"]
[Black "Sandhöfner, Florian"]
[Result "1-0"]
[WhiteElo "2403"]
[BlackElo "2244"]
[PlyCount "73"]
[EventDate "2016.10.02"]

1. b3 d5 2. Bb2 Nf6 3. e3 Bf5 4. d3 e6 5. g3 Be7 6. Bg2 O-O 7. Nd2 c5 8. Ne2
Nc6 9. h3 h6 10. a3 a5 11. a4 Nb4 12. e4 Bh7 13. O-O Qd7 14. e5 Ne8 15. f4 Nc7
16. Kh2 Rad8 17. g4 Na8 18. Ng3 Bh4 19. Nh5 d4 20. Nf3 Be7 21. g5 hxg5 22. fxg5
Rfe8 23. Bc1 b5 24. axb5 Qxb5 25. Qe2 Nb6 26. Qf2 Bg6 27. Nf6+ gxf6 28. gxf6
Bf8 29. Nh4 Nxd3 30. cxd3 Qxd3 31. Nxg6 Qxg6 32. Rg1 Kh8 33. Qh4+ Qh7 34. Qxh7+
Kxh7 35. Be4+ Kh8 36. Rg4 Nd5 37. Bd2 1-0

[Event "NÖ– Landesliga 2016/2017"]
[Site "?"]
[Date "2016.10.02"]
[Round "1.3"]
[White "Wadsack, Winfried"]
[Black "Vyskocil, Neklan"]
[Result "0-1"]
[WhiteElo "2135"]
[BlackElo "2328"]
[PlyCount "138"]
[EventDate "2016.10.02"]

1. e4 c5 2. c3 d5 3. exd5 Qxd5 4. d4 Nf6 5. Nf3 Nc6 6. Be3 cxd4 7. cxd4 e6 8.
Nc3 Qd6 9. Nb5 Qd8 10. a3 Be7 11. Bd3 Nd5 12. O-O Bf6 13. Rc1 O-O 14. Bb1 Nxe3
15. fxe3 g6 16. Nc3 Bg7 17. b4 Bd7 18. Ne4 Ne7 19. Ne5 Bb5 20. Bd3 Bxd3 21.
Nxd3 Nd5 22. Qd2 Nxe3 23. Nf6+ Bxf6 24. Rxf6 Qxf6 25. Qxe3 Rad8 26. Ne5 Qe7 27.
Ng4 f6 28. Qf4 Rd7 29. Rf1 Qd6 30. Nxf6+ Rxf6 31. Qxf6 Qxd4+ 32. Rf2 Qxf6 33.
Rxf6 Rd6 34. Kf1 Kg7 35. Rf3 Rd2 36. Rc3 Rd7 37. Ke2 Kf6 38. Rf3+ Ke5 39. Re3+
Kd5 40. Rd3+ Kc6 41. Rc3+ Kd6 42. Rd3+ Ke7 43. Rh3 h5 44. Rg3 Kf6 45. Rf3+ Kg7
46. Re3 Rd6 47. Rc3 Rc6 48. Rd3 Kf6 49. Kd2 Ke5 50. Rg3 Kf5 51. Rf3+ Ke4 52.
Re3+ Kd4 53. Rd3+ Kc4 54. Ke3 Rb6 55. Ke4 Rb5 56. Rg3 g5 57. Rh3 g4 58. Rg3 a5
59. bxa5 Rb3 60. Ke5 Rxg3 61. hxg3 Kb5 62. Kxe6 Kxa5 63. Kd5 Ka4 64. Kc5 Kxa3
65. Kb6 Kb4 66. Kxb7 Kc5 67. Kc7 Kd4 68. Kd6 Ke3 69. Ke5 Kf2 0-1

[Event "NÖ– Landesliga 2016/2017"]
[Site "?"]
[Date "2016.10.02"]
[Round "1.3"]
[White "Lipp, Alfred"]
[Black "Wadsack, Wolfgang"]
[Result "1/2-1/2"]
[WhiteElo "2119"]
[BlackElo "2115"]
[PlyCount "97"]
[EventDate "2016.10.02"]

1. c4 e6 2. d4 d5 3. Nc3 Nf6 4. Bg5 Nbd7 5. e3 Be7 6. Nf3 h6 7. Bh4 O-O 8. Rc1
c6 9. Bd3 dxc4 10. Bxc4 Nd5 11. Bg3 N7f6 12. Ne5 Nxc3 13. bxc3 Bd6 14. Qf3 Qe7
15. O-O Rd8 16. Rfd1 Bd7 17. Bd3 Be8 18. h4 Nd7 19. h5 Nf8 20. Bf4 f6 21. Ng6
Nxg6 22. Bxg6 Bxf4 23. exf4 Rd5 24. Re1 Rad8 25. g4 Qa3 26. Rc2 Rxd4 27. Rxe6
Bd7 28. Re3 Rd6 29. Qe2 Rf8 30. Kh2 Qa4 31. Kg3 Qb5 32. c4 Qc5 33. Re7 Rd4 34.
Rxd7 Rxd7 35. Qe6+ Rdf7 36. Re2 b5 37. cxb5 cxb5 38. Kh4 Qc7 39. Kg3 a5 40. Bd3
Qd7 41. Bf5 Rd8 42. Qb3 a4 43. Qb4 Qd1 44. Re1 Qd6 45. Re8+ Rf8 46. Be6+ Kh7
47. Bf5+ Kg8 48. Be6+ Kh7 49. Bf5+ 1/2-1/2

[Event "NÖ– Landesliga 2016/2017"]
[Site "?"]
[Date "2016.10.02"]
[Round "1.3"]
[White "Rechberger, Franz"]
[Black "Mlynek, Petr"]
[Result "1/2-1/2"]
[WhiteElo "1998"]
[BlackElo "2135"]
[PlyCount "35"]
[EventDate "2016.10.02"]

1. d4 d5 2. c4 c6 3. Nc3 e6 4. cxd5 cxd5 5. Bf4 Nf6 6. e3 Nc6 7. Nf3 Be7 8. Bd3
O-O 9. O-O Nh5 10. Bg3 Nxg3 11. hxg3 Bd7 12. Qe2 a6 13. Rac1 f5 14. a3 b5 15.
b4 a5 16. Bxb5 axb4 17. axb4 Nxb4 18. Bxd7 1/2-1/2

[Event "NÖ– Landesliga 2016/2017"]
[Site "?"]
[Date "2016.10.02"]
[Round "1.4"]
[White "Wirius, Johannes"]
[Black "Hellmayr, Alois"]
[Result "1-0"]
[WhiteElo "2142"]
[BlackElo "2230"]
[PlyCount "137"]
[EventDate "2016.10.02"]

1. c4 c5 2. Nc3 Nc6 3. g3 g6 4. Bg2 Bg7 5. d3 e6 6. Bd2 Nge7 7. Nf3 b6 8. O-O
O-O 9. a3 Bb7 10. Rb1 d6 11. b4 Qd7 12. Qa4 Rfd8 13. Rfd1 h6 14. b5 Ne5 15.
Nxe5 dxe5 16. Ne4 f5 17. Nc3 Bxg2 18. Kxg2 Qb7+ 19. f3 Rd7 20. Qc2 Rad8 21. a4
Rd6 22. Be3 g5 23. Kg1 Qd7 24. Rf1 Qe8 25. a5 Qg6 26. axb6 axb6 27. Ra1 g4 28.
Ra6 f4 29. Bf2 gxf3 30. Ne4 fxe2 31. Qxe2 Rxd3 32. Rxb6 f3 33. Qe1 Qf5 34. Bxc5
Qh3 35. Qf2 Nf5 36. Rb7 Rd1 37. Qxf3 R8d3 38. Qe2 Nd4 39. Bxd4 Rxf1+ 40. Qxf1
Qxf1+ 41. Kxf1 Rxd4 42. c5 Rxe4 43. c6 Rc4 44. c7 Kh7 45. b6 e4 46. Rb8 Rc1+
47. Ke2 Bd4 48. c8=Q Rxc8 49. Rxc8 Bxb6 50. Rc6 Bg1 51. Rxe6 e3 52. h3 Bf2 53.
Kf3 Kg7 54. g4 Bg1 55. Kf4 Kf7 56. Kf5 Bf2 57. Re4 Kg7 58. h4 Bxh4 59. Rxe3 Bg5
60. Rb3 Kf7 61. Rb7+ Be7 62. Ra7 Kf8 63. Kg6 Bg5 64. Ra8+ Ke7 65. Rh8 Bc1 66.
Rxh6 Bxh6 67. Kxh6 Kf7 68. g5 Kg8 69. Kg6 1-0

[Event "NÖ– Landesliga 2016/2017"]
[Site "?"]
[Date "2016.10.02"]
[Round "1.4"]
[White "Heimberger, Reinhard"]
[Black "Lechner, Daniel"]
[Result "1-0"]
[WhiteElo "2241"]
[BlackElo "2154"]
[PlyCount "75"]
[EventDate "2016.10.02"]

1. d4 Nf6 2. g3 g6 3. Bg2 d5 4. Nf3 Bg7 5. O-O O-O 6. b3 c6 7. Bb2 Bf5 8. c4
Nbd7 9. Nc3 Ne4 10. cxd5 Nxc3 11. Bxc3 cxd5 12. Nh4 Nf6 13. Nxf5 gxf5 14. Qd3
Qd7 15. Rfc1 Rfc8 16. Bb4 e6 17. e3 Ne4 18. Bf1 a6 19. f3 Nd6 20. Bc5 Rc6 21.
Rc2 Rac8 22. Rac1 Bf8 23. g4 Kh8 24. Bxd6 Bxd6 25. Rxc6 bxc6 26. gxf5 Rg8+ 27.
Kh1 exf5 28. f4 Re8 29. Bh3 Re4 30. Qxa6 Rxe3 31. Qa8+ Re8 32. Qxc6 Re1+ 33.
Kg2 Re2+ 34. Kf1 Qxc6 35. Rxc6 Rxh2 36. Rxd6 Rxh3 37. Rxd5 Rf3+ 38. Kg2 1-0

[Event "NÖ– Landesliga 2016/2017"]
[Site "?"]
[Date "2016.10.02"]
[Round "1.4"]
[White "Haas, Bernhard"]
[Black "Kranzl, Peter"]
[Result "0-1"]
[WhiteElo "2034"]
[BlackElo "2162"]
[PlyCount "90"]
[EventDate "2016.10.02"]

1. d4 Nf6 2. c4 c5 3. d5 b5 4. cxb5 a6 5. bxa6 g6 6. g3 d6 7. Bg2 Bg7 8. Nc3
O-O 9. Nf3 Qa5 10. Bd2 Bxa6 11. O-O Nbd7 12. Qc2 Qb6 13. Rfd1 Rfb8 14. b3 Ra7
15. Rab1 Rc7 16. e4 Ng4 17. Na4 Qa7 18. Ba5 Bd3 19. Qxd3 Qxa5 20. Bf1 Rb4 21.
Re1 c4 22. Qd1 Qa7 23. Qd2 cxb3 24. axb3 Rcb7 25. Qc2 Rc7 26. Qd2 Rb8 27. h3
Nge5 28. Nxe5 Bxe5 29. Re3 Rbc8 30. Bd3 Bd4 31. Re2 Ne5 32. Kg2 Bc3 33. Nxc3
Rxc3 34. Bc4 Rf3 35. Rb2 Qb6 36. Ra2 Kg7 37. Ra6 Qc5 38. Qb2 Rc7 39. Qa1 h5 40.
Rea2 h4 41. Rc6 Rxc6 42. dxc6 hxg3 43. fxg3 Qe3 44. Bf1 Rxg3+ 45. Kh1 Qg1# 0-1

[Event "NÖ– Landesliga 2016/2017"]
[Site "?"]
[Date "2016.10.02"]
[Round "1.4"]
[White "Ebner, Johann"]
[Black "Schlager, Florian"]
[Result "1/2-1/2"]
[WhiteElo "2036"]
[BlackElo "1879"]
[PlyCount "111"]
[EventDate "2016.10.02"]

1. d4 c5 2. d5 Nf6 3. c4 e6 4. Nc3 exd5 5. cxd5 d6 6. e4 g6 7. f4 Bg7 8. Nf3
O-O 9. Be2 Re8 10. Nd2 Na6 11. O-O Nc7 12. a4 a6 13. Bf3 Rb8 14. a5 b5 15. axb6
Rxb6 16. Nc4 Rb4 17. Na5 Bd7 18. Bd2 Qe7 19. Qc2 Rbb8 20. Rfe1 Nb5 21. Nxb5
Bxb5 22. Bc3 Nd7 23. Nc6 Bxc6 24. dxc6 Bxc3 25. Qxc3 Nf8 26. Rxa6 Ra8 27. Rxa8
Rxa8 28. e5 Ne6 29. exd6 Qxd6 30. Qe5 Qxe5 31. fxe5 Rb8 32. Rc1 Rxb2 33. Bd5
Nc7 34. Rxc5 Rb5 35. Rxb5 Nxb5 36. Kf2 Kf8 37. Bc4 Nc7 38. Ke3 Ke7 39. Kd4 f6
40. exf6+ Kxf6 41. Kc5 Ke5 42. Kb6 Kd6 43. Bd3 Nd5+ 44. Kb7 Nc7 45. g4 Ne6 46.
Kb6 g5 47. Bxh7 Nc7 48. Bf5 Nd5+ 49. Kb7 Nc7 50. Bd7 Nd5 51. h4 gxh4 52. g5 Ne7
53. g6 Nxg6 54. c7 Ne7 55. Bg4 Kc5 56. Bh3 1/2-1/2

[Event "NÖ– Landesliga 2016/2017"]
[Site "?"]
[Date "2016.10.02"]
[Round "1.5"]
[White "Wetscherek, Gerhard"]
[Black "Menezes, Christoph"]
[Result "0-1"]
[WhiteElo "2108"]
[BlackElo "2338"]
[PlyCount "74"]
[EventDate "2016.10.02"]

1. e4 c5 2. Nf3 d6 3. c3 Nf6 4. Bc4 Nc6 5. Qe2 Bg4 6. h3 Bxf3 7. Qxf3 g6 8. d3
Bg7 9. Bg5 O-O 10. Qe3 Qb6 11. Bb3 a5 12. Nd2 a4 13. Nc4 Qc7 14. Bc2 d5 15.
exd5 Nxd5 16. Qxc5 Nxc3 17. Be3 b6 18. Qxb6 Qd7 19. O-O Nd5 20. Qc5 Rfc8 21.
Qa3 Nd4 22. Bd1 Qd8 23. Bxd4 Bxd4 24. Bf3 Bc5 25. b4 Bxb4 26. Qc1 Rab8 27. Rb1
e6 28. a3 Bf8 29. Qc2 Rxb1 30. Rxb1 Bxa3 31. Qxa4 Nc3 32. Qxa3 Nxb1 33. Qb3 Rb8
34. Bb7 Qc7 35. Qxb1 Qxb7 36. Qe1 Qb1 37. Qf1 Qa2 0-1

[Event "NÖ– Landesliga 2016/2017"]
[Site "?"]
[Date "2016.10.02"]
[Round "1.5"]
[White "Ehs, Dominik"]
[Black "Seidler, Dieter"]
[Result "1-0"]
[WhiteElo "2092"]
[BlackElo "2008"]
[PlyCount "79"]
[EventDate "2016.10.02"]

1. e4 e6 2. d4 d5 3. Nd2 c5 4. exd5 exd5 5. Ngf3 Nc6 6. Bb5 Bd6 7. O-O Nge7 8.
dxc5 Bxc5 9. Nb3 Bd6 10. Bg5 O-O 11. h3 a6 12. Bd3 h6 13. Bxe7 Bxe7 14. c3 Bf6
15. Bc2 Qd6 16. Qd3 g6 17. Rad1 Rd8 18. Qe3 Kg7 19. Nbd4 Bd7 20. c4 Nxd4 21.
Nxd4 Bc6 22. cxd5 Qxd5 23. Nf5+ gxf5 24. Rxd5 Rxd5 25. Rd1 Rxd1+ 26. Bxd1 Re8
27. Qd2 Rd8 28. Qc1 Rd4 29. Bf3 Be4 30. Bxe4 fxe4 31. b3 Be5 32. g3 Rd7 33. Kg2
Rc7 34. Qd1 f5 35. Qd5 Kf6 36. Qd8+ Re7 37. Qf8+ Rf7 38. Qxh6+ Ke7 39. Qb6 Kf8
40. Qc5+ 1-0

[Event "NÖ Landesliga 2016/17"]
[Site "?"]
[Date "2016.10.23"]
[Round "2.1"]
[White "IM Weiss, Christian"]
[Black "Lampl, Gerald"]
[Result "1-0"]
[WhiteElo "2353"]
[BlackElo "2089"]
[PlyCount "83"]
[EventDate "2016.??.??"]

1. c4 Nf6 2. Nf3 e6 3. g3 b6 4. Bg2 Bb7 5. O-O c5 6. Nc3 Be7 7. Re1 d6 8. e4 e5
9. d3 O-O 10. a3 Nc6 11. Rb1 Re8 12. b4 Nd7 13. Nd5 Nf8 14. bxc5 dxc5 15. Bb2
Bf6 16. Bc3 Nd4 17. a4 Bc6 18. Nxd4 cxd4 19. Bb4 Ne6 20. Bh3 Bg5 21. Re2 Nc5
22. Ra2 Be7 23. a5 Bxd5 24. exd5 Qc7 25. Rba1 Rab8 26. axb6 axb6 27. Ra7 Rb7
28. Rxb7 Qxb7 29. Bg2 Bd6 30. Bxc5 Bxc5 31. Qa4 Qe7 32. Qc6 Rd8 33. Re1 Qd6 34.
g4 g6 35. Ra1 Kg7 36. Ra7 Qb8 37. Rb7 Qc8 38. h3 h6 39. Be4 Qxc6 40. dxc6 Bd6
41. Bd5 Rf8 42. Rd7 1-0

[Event "NÖ Landesliga 2016/17"]
[Site "?"]
[Date "2016.10.23"]
[Round "2.1"]
[White "Lechner, Daniel"]
[Black "IM Knoll, Hermann"]
[Result "1/2-1/2"]
[WhiteElo "2154"]
[BlackElo "2309"]
[PlyCount "22"]
[EventDate "2016.??.??"]

1. d4 Nf6 2. c4 g6 3. Nc3 Bg7 4. g3 d6 5. Nf3 O-O 6. Bg2 Nbd7 7. O-O e5 8. e4
exd4 9. Nxd4 Nc5 10. Re1 Re8 11. h3 c6 1/2-1/2

[Event "NÖ Landesliga 2016/17"]
[Site "?"]
[Date "2016.10.23"]
[Round "2.1"]
[White "CM Mostbauer, Florian"]
[Black "Miazhynski, Yuri"]
[Result "1/2-1/2"]
[WhiteElo "2213"]
[BlackElo "2035"]
[PlyCount "87"]
[EventDate "2016.??.??"]

1. d4 Nf6 2. Bf4 g6 3. e3 Bg7 4. Be2 O-O 5. Nf3 d6 6. h3 Nc6 7. O-O Nh5 8. Bh2
f5 9. c3 Kh8 10. d5 Nb8 11. Nd4 Nf6 12. Bf3 Qe8 13. Qb3 c6 14. c4 cxd5 15. cxd5
Na6 16. Nc3 Nc5 17. Qc2 Bd7 18. b4 Na4 19. Nxa4 Bxa4 20. Qd2 Qd7 21. Ne6 Rfc8
22. Rac1 Kg8 23. Nxg7 Kxg7 24. Bf4 Bb5 25. Rfe1 Rxc1 26. Rxc1 Rc8 27. Bg5 Rc4
28. Bxf6+ exf6 29. Rxc4 Bxc4 30. Qd4 Bxa2 31. Qxa7 Bc4 32. Qb8 b5 33. g4 fxg4
34. hxg4 Qe7 35. Kg2 f5 36. Qc8 fxg4 37. Qxg4 h5 38. Qf4 Qf6 39. Qxf6+ Kxf6 40.
Be4 g5 41. f4 Be2 42. Kf2 Bg4 43. Bd3 Bd7 44. Kf3 1/2-1/2

[Event "NÖ Landesliga 2016/17"]
[Site "?"]
[Date "2016.10.23"]
[Round "2.1"]
[White "Dittel, Herbert"]
[Black "Ehs, Dominik"]
[Result "1/2-1/2"]
[WhiteElo "2058"]
[BlackElo "2092"]
[PlyCount "68"]
[EventDate "2016.??.??"]

1. d4 Nf6 2. Nf3 g6 3. c4 Bg7 4. Nc3 d6 5. e4 O-O 6. Be2 e5 7. O-O a5 8. dxe5
dxe5 9. Qxd8 Rxd8 10. Bg5 Nbd7 11. Rfd1 Rf8 12. Nd5 c6 13. Ne7+ Kh8 14. Nxc8
Raxc8 15. Nd2 Nc5 16. f3 Ne6 17. Be3 a4 18. b4 Nd4 19. Bxd4 exd4 20. Rab1 Nd7
21. c5 b5 22. cxb6 Nxb6 23. Nc4 Nxc4 24. Bxc4 Bh6 25. g3 Be3+ 26. Kg2 f6 27.
Rd3 Rc7 28. Ra3 Ra8 29. f4 Rb7 30. Kf3 Bd2 31. b5 Ra5 32. b6 Ra8 33. e5 f5 34.
Bd3 Bc3 1/2-1/2

[Event "NÖ– Landesliga 2016/2017"]
[Site "?"]
[Date "2016.10.23"]
[Round "2.2"]
[White "Hellmayr, Alois"]
[Black "Vyskocil, Neklan"]
[Result "1-0"]
[WhiteElo "2230"]
[BlackElo "2328"]
[PlyCount "129"]
[EventDate "2016.10.02"]

1. Nf3 f5 2. g3 Nf6 3. Bg2 g6 4. O-O Bg7 5. d3 O-O 6. e4 d6 7. exf5 Bxf5 8. Nh4
Bg4 9. Qe1 Nc6 10. h3 Bd7 11. Nc3 Nd4 12. Qd1 Bc6 13. Ne4 Nxe4 14. dxe4 e5 15.
c3 Ne6 16. Qe2 Nf4 17. Bxf4 exf4 18. Nf3 Kh8 19. Nd4 Bd7 20. g4 c5 21. Nf3 Qe7
22. Rfe1 Bc6 23. Qd3 Rad8 24. Rad1 Rfe8 25. Nd2 b5 26. Nf1 Qf7 27. a3 c4 28.
Qf3 Rf8 29. Nh2 Qe7 30. Re2 h6 31. Ree1 Kh7 32. Kf1 a5 33. Rd2 Qb7 34. Qd1 Qb8
35. Nf3 b4 36. axb4 axb4 37. Nd4 Bd7 38. Qe2 Qc7 39. Kg1 Rb8 40. Bf1 bxc3 41.
bxc3 Rfc8 42. Ra1 Qb6 43. Qd1 Qc5 44. Ra6 Ra8 45. Ra1 Ra3 46. Rc1 Qa5 47. Nf3
Rxc3 48. Rxd6 Rxc1 49. Qxc1 Qc7 50. e5 Bc6 51. Nd4 Ba8 52. Qb1 Qf7 53. Qb5 Rc7
54. e6 Qf6 55. Bxc4 Rb7 56. Qe8 Rb1+ 57. Bf1 Rxf1+ 58. Kxf1 Be4 59. Rd8 h5 60.
Qg8+ Kh6 61. Rd7 hxg4 62. hxg4 Bd3+ 63. Kg1 Qe5 64. Nf3 Qa1+ 65. Kh2 1-0

[Event "NÖ– Landesliga 2016/2017"]
[Site "?"]
[Date "2016.10.23"]
[Round "2.2"]
[White "Vykydal, Frantisek"]
[Black "Strobel, Ferdinand"]
[Result "1/2-1/2"]
[WhiteElo "2152"]
[BlackElo "2017"]
[PlyCount "34"]
[EventDate "2016.10.02"]

1. e4 d6 2. Nc3 Nf6 3. d4 g6 4. h3 Bg7 5. Be3 c6 6. g3 O-O 7. Bg2 Nbd7 8. Qd2
Nb6 9. b3 e5 10. Nge2 Be6 11. O-O exd4 12. Nxd4 d5 13. Rad1 Qc8 14. Nxe6 fxe6
15. exd5 exd5 16. Bh6 Qc7 17. Bxg7 Qxg7 1/2-1/2

[Event "NÖ– Landesliga 2016/2017"]
[Site "?"]
[Date "2016.10.23"]
[Round "2.3"]
[White "Rumpl, Erwin"]
[Black "Bauer, Thomas"]
[Result "1-0"]
[WhiteElo "2315"]
[BlackElo "2107"]
[PlyCount "58"]
[EventDate "2016.10.02"]

1. d4 Nf6 2. c4 c5 3. Nf3 e6 4. Nc3 cxd4 5. Nxd4 Nc6 6. e3 Bb4 7. Bd2 O-O 8.
Be2 Re8 9. O-O Bf8 10. Rc1 b6 11. Nxc6 dxc6 12. e4 e5 13. Bg5 Qxd1 14. Rfxd1
Nd7 15. Bg4 Nc5 16. Bxc8 Raxc8 17. Kf1 Ne6 18. Be3 f6 19. Rd7 Rc7 20. Rcd1 Re7
21. R7d3 Re8 22. Na4 Be7 23. g3 g5 24. h3 h5 25. Kg2 Kf7 26. f3 Rcc8 27. Rd7
Red8 28. R7d2 Rxd2+ 29. Rxd2 Rc7 1-0

[Event "NÖ– Landesliga 2016/2017"]
[Site "?"]
[Date "2016.10.23"]
[Round "2.3"]
[White "Wagner, Stefan"]
[Black "Wadsack, Winfried"]
[Result "0-1"]
[WhiteElo "2133"]
[BlackElo "2135"]
[PlyCount "60"]
[EventDate "2016.10.02"]

1. c4 e5 2. g3 Nc6 3. Bg2 Nf6 4. Nc3 Bb4 5. Nd5 O-O 6. a3 Bc5 7. e3 a5 8. Ne2
d6 9. O-O Nxd5 10. cxd5 Ne7 11. d4 Bb6 12. b3 Bg4 13. dxe5 dxe5 14. Bb2 Qd6 15.
h3 Bxe2 16. Qxe2 f5 17. Rad1 Bc5 18. Qc4 b6 19. Bxe5 Qxe5 20. d6+ Kh8 21. dxe7
Qxe7 22. Bxa8 Rxa8 23. a4 Rf8 24. Kg2 h6 25. Rd5 Bd6 26. Rfd1 Rf6 27. Qd3 Qe6
28. f4 Rf8 29. Re1 Bb4 30. Re2 Qc6 0-1

[Event "NÖ– Landesliga 2016/2017"]
[Site "?"]
[Date "2016.10.23"]
[Round "2.3"]
[White "Wadsack, Wolfgang"]
[Black "Plasil, Jiri"]
[Result "1/2-1/2"]
[WhiteElo "2115"]
[BlackElo "2049"]
[PlyCount "42"]
[EventDate "2016.10.02"]

1. e4 d5 2. exd5 Qxd5 3. Qf3 Nf6 4. Nc3 Qxf3 5. Nxf3 c6 6. Bc4 Bf5 7. d3 e6 8.
Be3 Nbd7 9. Nh4 Bg4 10. h3 Bh5 11. g4 Bg6 12. O-O-O Be7 13. f4 Nd5 14. Nxg6
hxg6 15. Bxd5 exd5 16. Rde1 f6 17. Kd1 Kf7 18. Ke2 Bd6 19. Kf3 a6 20. h4 Rae8
21. Bf2 Rxe1 1/2-1/2